<?xml version="1.0" encoding="UTF-8"?><marc:collection xmlns:marc="http://www.loc.gov/MARC21/slim">
  <marc:record>
    <marc:leader>00000cas  2200000zi 4500</marc:leader>
    <marc:controlfield tag="001">9.875412</marc:controlfield>
    <marc:controlfield tag="003">CaOODSP</marc:controlfield>
    <marc:controlfield tag="005">20260413152836</marc:controlfield>
    <marc:controlfield tag="006">m    go  d f      </marc:controlfield>
    <marc:controlfield tag="007">cr cn ||||||||</marc:controlfield>
    <marc:controlfield tag="008">190624c20189999qucar p o    f0###b0fre|d</marc:controlfield>
    <marc:datafield tag="022" ind1=" " ind2=" ">
      <marc:subfield code="a">2562-6663</marc:subfield>
    </marc:datafield>
    <marc:datafield tag="040" ind1=" " ind2=" ">
      <marc:subfield code="a">CaOODSP</marc:subfield>
      <marc:subfield code="b">fre</marc:subfield>
      <marc:subfield code="e">rda</marc:subfield>
      <marc:subfield code="c">CaOODSP</marc:subfield>
    </marc:datafield>
    <marc:datafield tag="043" ind1=" " ind2=" ">
      <marc:subfield code="a">n-cn---</marc:subfield>
    </marc:datafield>
    <marc:datafield tag="086" ind1="1" ind2=" ">
      <marc:subfield code="a">TU1-17F-PDF</marc:subfield>
    </marc:datafield>
    <marc:datafield tag="222" ind1=" " ind2="0">
      <marc:subfield code="a">Sommaire statistique, événements de transport aérien en … </marc:subfield>
    </marc:datafield>
    <marc:datafield tag="245" ind1="0" ind2="0">
      <marc:subfield code="a">Sommaire statistique, événements de transport aérien en … </marc:subfield>
    </marc:datafield>
    <marc:datafield tag="246" ind1="1" ind2="7">
      <marc:subfield code="a">Sommaire statistique des événements de transport aérien en … </marc:subfield>
    </marc:datafield>
    <marc:datafield tag="264" ind1=" " ind2="1">
      <marc:subfield code="a">Gatineau (Québec) : </marc:subfield>
      <marc:subfield code="b">Transportation Safety Board of Canada = Bureau de la sécurité des transports du Canada, </marc:subfield>
      <marc:subfield code="c">[2019]- </marc:subfield>
    </marc:datafield>
    <marc:datafield tag="310" ind1=" " ind2=" ">
      <marc:subfield code="a">Annuel</marc:subfield>
    </marc:datafield>
    <marc:datafield tag="336" ind1=" " ind2=" ">
      <marc:subfield code="a">texte</marc:subfield>
      <marc:subfield code="b">txt</marc:subfield>
      <marc:subfield code="2">rdacontent/fre</marc:subfield>
    </marc:datafield>
    <marc:datafield tag="337" ind1=" " ind2=" ">
      <marc:subfield code="a">informatique</marc:subfield>
      <marc:subfield code="b">c</marc:subfield>
      <marc:subfield code="2">rdamedia/fre</marc:subfield>
    </marc:datafield>
    <marc:datafield tag="338" ind1=" " ind2=" ">
      <marc:subfield code="a">ressource en ligne</marc:subfield>
      <marc:subfield code="b">cr</marc:subfield>
      <marc:subfield code="2">rdacarrier/fre</marc:subfield>
    </marc:datafield>
    <marc:datafield tag="362" ind1="1" ind2=" ">
      <marc:subfield code="a">Paraît depuis 2018.</marc:subfield>
    </marc:datafield>
    <marc:datafield tag="500" ind1=" " ind2=" ">
      <marc:subfield code="a">Publié aussi en anglais sous le titre : Statistical summary, air transportation occurrences in …</marc:subfield>
    </marc:datafield>
    <marc:datafield tag="692" ind1="0" ind2="7">
      <marc:subfield code="2">gccst</marc:subfield>
      <marc:subfield code="a">Transport aérien</marc:subfield>
    </marc:datafield>
    <marc:datafield tag="692" ind1="0" ind2="7">
      <marc:subfield code="2">gccst</marc:subfield>
      <marc:subfield code="a">Sécurité aérienne</marc:subfield>
    </marc:datafield>
    <marc:datafield tag="710" ind1="2" ind2=" ">
      <marc:subfield code="a">Bureau de la sécurité des transports du Canada.</marc:subfield>
    </marc:datafield>
    <marc:datafield tag="775" ind1="0" ind2="8">
      <marc:subfield code="t">Statistical summary, air transportation occurrences in … </marc:subfield>
      <marc:subfield code="w">(CaOODSP)9.877359</marc:subfield>
    </marc:datafield>
    <marc:datafield tag="780" ind1="0" ind2="0">
      <marc:subfield code="t">Sommaire statistique des événements aéronautiques </marc:subfield>
      <marc:subfield code="w">(CaOODSP)9.502182</marc:subfield>
    </marc:datafield>
    <marc:datafield tag="856" ind1="4" ind2="0">
      <marc:subfield code="q">HTML</marc:subfield>
      <marc:subfield code="s">S.O.</marc:subfield>
      <marc:subfield code="u">http://www.bst-tsb.gc.ca/fra/stats/aviation/stats.html</marc:subfield>
    </marc:datafield>
  </marc:record>
</marc:collection>
